000 00327nam a22001457a 4500
008 210225b ||||| |||| 00| 0 eng d
020 _a9781926751283
041 _aeng
080 _24th
_a336
082 _a336
100 _a56
101 _aFIN
245 _aKey aacounting principles workbook
_cJoffe, N
942 _2udc
_cBK
999 _c55185
_d55185